WWE 2k22 Roster - Statistics

General Stats
  • This quiz has been taken 50 times
  • The average score is 70 of 228
Answer Stats
Hint Answer % Correct
John Cena
78%
Rey Mysterio
74%
Kane
70%
Kane '08
70%
Roman Reigns
67%
Seth Rollins
67%
Seth Rollins '20
67%
The Undertaker
67%
AJ Styles
63%
Randy Orton
63%
The Rock
63%
Triple H
63%
Manager Triple H '13
63%
Hulk Hogan
59%
Steve Austin
59%
The Undertaker '02
59%
The Undertaker '10
59%
Pre-order The Undertaker '95
59%
Pre-order The Undertaker '98
59%
Pre-order The Undertaker WM 36
59%
DLC Logan Paul
56%
Brock Lesnar
52%
Jey Uso
52%
Jimmy Uso
52%
Sheamus
52%
Becky Lynch
48%
Big E
48%
Edge
48%
Rey Mysterio '05
48%
Rey Mysterio '06
48%
Rey Mysterio '08
48%
Rey Mysterio '09
48%
Rey Mysterio '09 Dec
48%
Rey Mysterio '11
48%
Rey Mysterio Jr.
48%
DLC Rey Mysterio Jr. '96
48%
Shawn Michaels '05
48%
Shawn Michaels '18
48%
The Miz
48%
Alexa Bliss '20
44%
Alexa Bliss '21
44%
Bayley
44%
Damien Priest
44%
Drew McIntyre
44%
Kofi Kingston
44%
Ric Flair '88
44%
Bobby Lashley
41%
Bret Hart
41%
Charlotte Flair
41%
Diesel
41%
Eddie Guerrero
41%
Jeff Hardy
41%
Natalya
41%
Rhea Ripley
41%
Shane McMahon
41%
Asuka
37%
Austin Theory
37%
Batista
37%
Bianca Belair
37%
Braun Strowman
37%
Dominik Mysterio
37%
Eddie Guerrero '97
37%
Finn Balor
37%
Finn Balor (Demon)
37%
Keith Lee
37%
Mr. McMahon
37%
Razor Ramon
37%
Ricochet
37%
Riddle
37%
Sasha Banks
37%
Tamina
37%
The Miz '11
37%
Xavier Woods
37%
DLC Yokozuna
37%
Andre the Giant
33%
Angelo Dawkins
33%
Cedric Alexander
33%
Happy Corbin
33%
JBL
33%
Jinder Mahal
33%
Johnny Gargano
33%
Kevin Nash
33%
Deluxe Kevin Nash (NWO)
33%
Kevin Owens
33%
King Booker
33%
Liv Morgan
33%
MVP
33%
Nia Jax
33%
DLC Omos
33%
Manager Paul Heyman
33%
DLC Rob Van Dam
33%
R-Truth
33%
Sami Zayn
33%
Samoa Joe
33%
Stephanie McMahon
33%
Apollo Crews
30%
Booker T
30%
Dolph Ziggler
30%
Dolph Ziggler '09
30%
Erik
30%
Goldberg
30%
Karrion Kross
30%
King Corbin
30%
DLC LA Knight
30%
Mace
30%
Mustafa Ali
30%
Naomi
30%
DLC Rikishi
30%
Scott Hall
30%
Deluxe Scott Hall (NWO)
30%
Shelton Benjamin
30%
Shinsuke Nakamura
30%
DLC Umaga
30%
X-Pac
30%
Akira Tozawa
26%
Angel Garza
26%
Carmella
26%
Cesaro
26%
Chad Gable
26%
Chyna
26%
Dakota Kai
26%
Dexter Lumis
26%
Elias
26%
Ivar
26%
Kalisto
26%
Lana
26%
Mandy Rose
26%
Mansoor
26%
Mia Yim
26%
Montez Ford
26%
Otis
26%
Reckoning
26%
DLC Rick Boogs
26%
DLC Ronda Rousey
26%
Sonya Deville
26%
Titus O'Neil
26%
Trish Stratus
26%
DLC Vader
26%
Walter
26%
DLC Cactus Jack
22%
Cameron Grimes
22%
Candice LeRae
22%
Dana Brooke
22%
Dominik Dijakovic
22%
DLC Doudrop
22%
Gran Metalik
22%
Deluxe Hollywood Hogan
22%
Humberto Carrillo
22%
Jim Neidhart
22%
Kyle O'Reilly
22%
Lacey Evans
22%
Lince Dorado
22%
Nikki A.S.H
22%
Randy Savage
22%
Robert Roode
22%
Roderick Strong
22%
Santos Escobar
22%
Shayna Baszler
22%
Slapjack
22%
T-Bar
22%
Ted Dibiase
22%
Tommaso Ciampa
22%
Ultimate Warrior
22%
Beth Phoenix
19%
Billie Kay
19%
Drew Gulak
19%
Ember Moon
19%
Fandango
19%
DLC Indi Hartwell
19%
Io Shirai
19%
Jake Roberts
19%
Jerry Lawler
19%
John Morrison
19%
Marcel Barthel
19%
Murphy
19%
Nikki Cross
19%
Peyton Royce
19%
Raquel Gonzalez
19%
Road Dogg
19%
Manager Scarlett
19%
Shotzi
19%
Tegan Nox
19%
DLC The Boogeyman
19%
The Brian Kendrick
19%
Tucker
19%
Tyler Bate
19%
DLC Xia Li
19%
Big Boss Man
15%
DLC Commander Azeez
15%
Fabian Aichner
15%
Joaquin Wilde
15%
Kay Lee Ray
15%
Maryse
15%
Pete Dunne
15%
Raul Mendoza
15%
Roddy Piper
15%
DLC Sarray
15%
DLC Stacy Keibler
15%
Toni Storm
15%
Tyler Breeze
15%
DLC A-Kid
11%
Alexander Wolfe
11%
Ariya Daivari
11%
Danny Burch
11%
DLC Doink the Clown
11%
Faarroq
11%
Jordan Devlin
11%
Mickie James
11%
Oney Lorcan
11%
DLC Syxx
11%
DLC Wes Lee
11%
Manager Bobby Heenan
7%
DLC British Bulldog
7%
Deluxe Eric Bischoff
7%
Isaiah "Swerve" Scott
7%
DLC Kacy Catanzaro
7%
Kushida
7%
DLC Machine Gun Kelly
7%
DLC Mr. T
7%
Papa Shango
7%
The Hurricane
7%
Trent Seven
7%
William Regal
7%
DLC Ilja Dragunov
4%
King Nakamura
4%
Timothy Thatcher
4%
No matching quizzes found
Score Distribution
Percent of People with Each Score
Percentile by Number Answered
Your Score History
You have not taken this quiz